NBA Teams by Clue - Statistics

General Stats
  • This quiz has been taken 49 times
  • The average score is 12 of 30
Answer Stats
Clue Team % Correct
Mark Cuban owns part of this NBA team Mavericks
84%
Michael Jordan played for this team after retiring Wizards
73%
They have the most Hall of Famers of any team Celtics
70%
There home used to be Seattle Thunder
70%
This team was founded in Philadelphia Warriors
70%
Shaq got drafted to this team Magic
68%
They had a dirty team Pistons
65%
This team traded for a Superstar, won a championship and then he left Raptors
57%
Mike Conley is there leading scorer Grizzlies
51%
This team played in Minnesota where _______ are actually common Lakers
51%
They are the only team to come back down 3-1 in the finals Cavaliers
49%
This team plays at the oldest stadium in the league Knicks
49%
Used to be the Hornets Pelicans
49%
Was founded in New Orleans Jazz
43%
You would find these on the back of boots Spurs
43%
This is the newest NBA team Hornets
41%
This team plays at The Fiserv Forum Bucks
35%
This is along with the Timberwolves the only team to not have a Championship in the midwest Pacers
30%
This NBA team started in San Diego Rockets
27%
This team used to be in the western conference Bulls
24%
This team had the longest consecutive losing season streak Kings
22%
This team's name was selected from over 28,000 entries in a "Name the Team" contest. Suns
22%
This team is the oldest franchise in the NBA 76ers
19%
This team hasn't been below .400 or above .600 this decade Hawks
19%
This team used to be the Americans Nets
19%
Jayson Tatum has more conference finals points then this team Clippers
16%
This team has the highest payed mascot Nuggets
16%
This team had the youngest team to ever win a championship Trail Blazers
16%
They hold the record for the NBA's third-longest winning streak Heat
14%
This team almost went to New Orleans Timberwolves
5%
No matching quizzes found
Score Distribution
Percent of People with Each Score
Percentile by Number Answered
Your Score History
You have not taken this quiz